Typológia krajov podľa rizika príjmovej chudoby na Slovensku

Regionálne rozdiely predstavujú významný determinant príjmovej chudoby, a preto ich analýza umožňuje lepšie porozumieť socioekonomickým rozdielom na Slovensku. Cieľom príspevku je analyzovať regionálne rozdiely v miere rizika príjmovej chudoby na Slovensku a poukázať na ich diferenciáciu.

Saved in:
Bibliographic Details
Main Author: Maťašová, Jana, 1999-
Format: Book Chapter
Language:Slovak
Subjects:
Tags: Add Tag
No Tags, Be the first to tag this record!

MARC

LEADER 00000naa$a2200000$$$4500
001 0314035
005 20260115110432.1
041 0 |a slo 
044 |a SK 
245 1 0 |a Typológia krajov podľa rizika príjmovej chudoby na Slovensku  |c Jana Maťašová 
520 |a Regionálne rozdiely predstavujú významný determinant príjmovej chudoby, a preto ich analýza umožňuje lepšie porozumieť socioekonomickým rozdielom na Slovensku. Cieľom príspevku je analyzovať regionálne rozdiely v miere rizika príjmovej chudoby na Slovensku a poukázať na ich diferenciáciu. 
610 2 0 |a chudoba 
610 2 0 |a príjmy domácností 
610 2 0 |a rozdiely regionálne 
610 2 0 |a Slovensko 
610 2 0 |a regióny 
100 1 |a Maťašová, Jana, 1999-